|
|
|
|
| LEADER |
00000nab a2200000 a 4500 |
| 001 |
vtls000879274 |
| 003 |
SK-MaSNL |
| 005 |
20260302170211.0 |
| 008 |
180206c2004 xo 0 slo |
| 015 |
|
|
|a SNBRB2004/07-21650
|
| 035 |
|
|
|a CLN000230815
|
| 040 |
|
|
|a SNKBUCL
|b slo
|c SNKBUCL
|e AACR2
|
| 041 |
0 |
|
|a slo
|
| 044 |
|
|
|a xo
|c SK
|
| 080 |
|
|
|a 314.745.22
|2 UDC-MRF-SK2
|
| 080 |
|
|
|a 341.43
|2 UDC-MRF-SK2
|
| 080 |
|
|
|a 327(437.6):314.745.22
|2 UDC-MRF-SK2
|
| 100 |
1 |
|
|a Kokavcová, Lýdia
|4 aut
|9 843289
|
| 245 |
1 |
0 |
|a Kedy sa končí slovenská pohostinnosť
|c Lýdia Kokavcová
|
| 300 |
|
|
|b Fotogr., mp., tab.
|
| 650 |
0 |
7 |
|a utečenci
|x právo azylové
|2 snkbucl
|9 872162
|
| 650 |
0 |
7 |
|a utečenecké tábory
|z Slovensko
|2 snkbucl
|9 27857
|
| 655 |
|
7 |
|a články z novín a časopisov
|2 snkbucl
|9 267496
|
| 773 |
0 |
|
|x 1336-1325
|t Formát
|g Roč. III, č. 23 (2004), s. 18-19
|
| 850 |
|
|
|a Slovenská národná knižnica v Martine
|
| 852 |
|
|
|a SNK
|b KIS3GCP
|
| 958 |
|
|
|a RBX
|
| 999 |
|
|
|c 1392102
|d 1394032
|